000 00645nam a2200277Ia 4500
005 20260324144926.0
008 008 260324s9999 xx 000 0 eng d
020 _a9780203728215
037 _aEBOOK
040 _aCRL
040 _beng
040 _cCRL
041 _2eng
041 _aeng
084 _qCRL
100 _aA. H. Tuma; J. D. Maser
_91221115
245 0 _aAnxiety and the Anxiety Disorders
260 _bTaylor and Francis
260 _c1985
365 _a
365 _b340
856 _uhttp://www.taylorfrancis.com/books/9780203728215
942 _cEBOOK
999 _c1828349
_d1828349